|
|
|
|
| LEADER |
00709cam a2200193 7i4500 |
| 001 |
0000014127 |
| 005 |
20120404090000.0 |
| 008 |
120404s1998 enk eng |
| 020 |
# |
0 |
|a 0125476655
|
| 090 |
0 |
0 |
|a QL 614.7
|b .E5 1998
|
| 245 |
1 |
0 |
|a Encyclopedia of fishes
|c consultant editors, John R. Paxton & William N. Eschmeyer ; illustrations by David Kirshner.
|
| 250 |
# |
# |
|a 2nd ed..
|
| 260 |
# |
# |
|a San Diego, CA:
|b Academic Press,
|c 1998.
|
| 300 |
# |
# |
|a 240 p.:
|b col.ill., col. maps;
|c 32 cm..
|
| 504 |
0 |
0 |
|a Includes bibliographical references and index
|
| 650 |
0 |
0 |
|a Fishes --
|x Encyclopedias
|
| 700 |
1 |
1 |
|a Paxton, John R.
|
| 700 |
1 |
1 |
|a Eschmeyer, William N.
|
| 999 |
|
|
|a 1000406018
|b Book
|c Open Shelf
|e KOLEKSI TERBUKA
|